00745cam a2200229 a 450000100100000000500170001000800410002702000150006804000180008308200180010110000350011924500850015426000320023930000280027149000290029950400530032865000220038165000210040365000240042470000360044883000310048400000546020200929151703.0940309s1993 sp a b 000 p spa  a8437612047 aDO-SdBNPcDLC aU861.5bA284p1 aAgustini, Delmira,d1886-1914.10aPoesías completas /cDelmira Agustini ; edición de Magdalena García Pinto. aMadrid :bCátedra,c1993. a356 p. :bil. ;c18 cm.1 aLetras hispánicasv372 aIncluye referencias bibliográficas (p. 51-53). 4aPoesía uruguaya 4aPoesía amorosa 4aLiteratura uruguaya1 aGarcía Pinto, Magdalena,eed. 0aLetras hispánicas ;v372